| 000 | 00651nam a2200217Ia 4500 | ||
|---|---|---|---|
| 003 | GCL | ||
| 008 | 140319s9999 xx 000 0 ara d | ||
| 040 |
_aGCL / _cGCL |
||
| 082 | 0 | 4 |
_a925 _bد ع |
| 100 | 1 | _aدورتى تشارلز مايكل | |
| 245 | 1 | 0 |
_aعلماء الاثار / _cدورتى تشارلز مايكل |
| 700 | 1 | _aمحمد عبدالفتاح ابراهيم (مترجم) | |
| 260 |
_a[S.N] : _bمكتبة الانجلوالمصرية ، _c1969 |
||
| 300 | _a160 ص | ||
| 490 | _a | ||
| 650 | 0 | 4 | _aالعلماء |
| 650 | 0 | 4 | _aالتراجم |
| 650 | 0 | 4 | _aالمكتشفون |
| 650 | 0 | 4 | _aالاثريون |
| 942 |
_2ddc _cBK |
||
| 999 |
_c36454 _d36454 |
||